000 00900nam a2200241Ia 4500
003 OSt
005 20220923225003.0
006 a|||||r|||| 00| 0
007 ta
008 220922b |||||||| |||| 00| 0 hin d
024 _a254,732
037 _cTextual
040 _aARTS
_cARTS
_bhin
041 _2hin
_ahin
082 _aO1591,1N36x, 152N3
100 _aदास, जगन्नाथ प्रसाद; मिश्र, राजेन्द्र प्रसाद, अनु.
_9168287
245 0 _aआÐिक
246 _aĀÐika
260 _aनई दिल्ली
_b साहित्य अकादेमी
_c1993
300 _a74पृ.
_ccm.
942 _hO1591,1N36x, 152N3
_cTEXL
_2CC
999 _c375257
_d375257